000 00634nam a2200193 i 4500
001 64584
003 ES-MaACL
005 20230906165150.0
007 t|
008 031229s1921 fr ||||1| fre d
100 1 _aFontecilla, Oscar.
_951637
245 1 3 _aLe liquide céphalo-rachidien
_b: etudes cliniques /
_cpar Oscar Fontecilla, Marco A. Sepulveda R. ; preface du J. Babinski.
260 _aParís :
_bMaloine et Fils,
_c1921 (
_fFrazier Soye)
300 _a160 p., 2 lám. :
_bil. ;
_c23 cm.
700 1 _aSepulveda R., Marco A.
_9205174
700 1 _aBabinski, J.
_924421
852 _aES-MaACL
_jE-653
999 _c64584
_d64584